LEADER 01338nam 2200409 450 001 000003343 005 20070503173000.0 010 $a88-7812-038-3$dL. 12000 100 $a--------d1997----km-y0itay0103----ba 101 0 $aita 102 $aIT 200 1 $aCostruzione e sviluppo delle raccolte$fCarlo Carotti 200 1 $a1 $n0000203 210 $aRoma$cAssociazione Italiana Biblioteche$d1997 215 $a70 p.$d17 cm. 225 1 $aET Enciclopedia Tascabile$v13 606 $aBiblioteche$xAccessioni 676 $a025.2 700 1$aCarotti,$bCarlo$07497 801 0$aIT$bUniversitą della Basilicata - B.I.A.$gRICA$2unimarc 912 $a000003343 996 $aCostruzione e sviluppo delle raccolte$972346 997 $aUNIBAS BAS $aMONLET BAS $aMONOGR BAS $aLETTERE CAT $aMAZZEI$b01$c19991013$lBAS01$h1206 CAT $c20000920$lBAS01$h1831 CAT $c20001010$lBAS01$h1634 CAT $c20050601$lBAS01$h1753 CAT $abatch$b01$c20050718$lBAS01$h1048 CAT $c20050718$lBAS01$h1107 CAT $c20050718$lBAS01$h1137 CAT $c20050718$lBAS01$h1151 CAT $aBATCH$b00$c20070503$lBAS01$h1730 FMT Z30 -1$lBAS01$LBAS01$mBOOK$1BASA1$APolo Storico-Umanistico$2DSLA$BCollezione DiSSLA$3DD/4738$64738$5D4738$819991027$f04$FPrestabile Didattica LEADER 02701nam 2200445 450 001 9910583303303321 005 20200721073149.1 010 $a0-12-809950-X 035 $a(CKB)3710000000892325 035 $a(CaSebORM)9780128099506 035 $a(MiAaPQ)EBC4698163 035 $a(PPN)197277411 035 $a(EXLCZ)993710000000892325 100 $a20161011h20172017 uy 0 101 0 $aeng 135 $aurcnu|||||||| 181 $2rdacontent 182 $2rdamedia 183 $2rdacarrier 200 10$aIntegrating Python with leading computer forensics platforms /$fChet Hosmer 205 $a1st edition 210 1$aAmsterdam, [Netherlands] :$cSyngress,$d2017. 210 4$d©2017 215 $a1 online resource (218 pages) $cillustrations, photographs 311 $a0-12-809949-6 320 $aIncludes bibliographical references at the end of each chapters and index. 330 $aIntegrating Python with Leading Computer Forensic Platforms takes a definitive look at how and why the integration of Python advances the field of digital forensics. In addition, the book includes practical, never seen Python examples that can be immediately put to use. Noted author Chet Hosmer demonstrates how to extend four key Forensic Platforms using Python, including EnCase by Guidance Software, MPE+ by AccessData, The Open Source Autopsy/SleuthKit by Brian Carrier and WetStone Technologies, and Live Acquisition and Triage Tool US-LATT. This book is for practitioners, forensic investigators, educators, students, private investigators, or anyone advancing digital forensics for investigating cybercrime. Additionally, the open source availability of the examples allows for sharing and growth within the industry. This book is the first to provide details on how to directly integrate Python into key forensic platforms. Provides hands-on tools, code samples, detailed instruction, and documentation that can be immediately put to use Shows how to integrate Python with popular digital forensic platforms, including EnCase, MPE+, The Open Source Autopsy/SleuthKit, and US-LATT Presents complete coverage of how to use Open Source Python scripts to extend and modify popular digital forensic Platforms 606 $aPython (Computer program language) 606 $aComputer crimes$xInvestigation 615 0$aPython (Computer program language) 615 0$aComputer crimes$xInvestigation. 676 $a005.133 700 $aHosmer$b Chet$0865893 801 0$bMiAaPQ 801 1$bMiAaPQ 801 2$bMiAaPQ 906 $aBOOK 912 $a9910583303303321 996 $aIntegrating Python with leading computer forensics platforms$92156294 997 $aUNINA LEADER 00428oam 2200169z- 450 001 9910693665103321 005 20231006002609.0 035 $a(CKB)4920000001895554 035 $a(EXLCZ)994920000001895554 100 $a20230503c2011uuuu -u- - 101 0 $aeng 200 10$aArmenia 210 $aWashington, D.C$cThe Armenian Refugees Fund 906 $aBOOK 912 $a9910693665103321 996 $aArmenia$9676251 997 $aUNINA